| 000 | 00848nam a2200229 i 4500 | ||
|---|---|---|---|
| 001 | 000868022 | ||
| 003 | AM-YeHGA | ||
| 005 | 20250617145156.0 | ||
| 008 | 020227s1983 ru r 000 0 rus d | ||
| 040 | _aAM-YeHGA | ||
| 041 | 0 | _arus | |
| 245 | 0 | 0 |
_aКлимат Татарской АССР / _c[Н. В. Колобов, Э. Л. Бурсук, Н. Н. Лаптева и др.; Науч. ред. Н. В. Колобов]. |
| 260 |
_aКазань : _bИзд-во Казан. ун-та, _c1983. |
||
| 300 |
_a160 с. : _bил. ; _c22 см. |
||
| 500 | _aАвт. указаны на 3-й с. | ||
| 504 | _aБиблиогр.: с. 148-153 | ||
| 653 | 0 | _aКлимат - Татар. АССР | |
| 700 | 1 | _aКолобов, Николай Васильевич | |
| 700 | 1 | _aБурсук, Э.Л. | |
| 700 | 1 | _aЛаптева, Н.Н. | |
| 090 | _c309101 | ||
| 999 |
_c307392 _d307392 |
||